The law of agricultural holdings (Record no. 87110)

MARC details
000 -LEADER
fixed length control field 00473cam a2200205 4500
001 - CONTROL NUMBER
control field D8527
008 - FIXED-LENGTH DATA ELEMENTS--GENERAL INFORMATION
fixed length control field 090401t1964 xxu||||| |||| 00| 0 eng d
035 ## - SYSTEM CONTROL NUMBER
System control number (Sirsi) u13558
041 ## - LANGUAGE CODE
Language code of text/sound track or separate title eng
050 ## - LIBRARY OF CONGRESS CALL NUMBER
Classification number 346.420438
100 ## - MAIN ENTRY--PERSONAL NAME
Personal name Scammell, W.S.
245 #4 - TITLE STATEMENT
Title The law of agricultural holdings
250 ## - EDITION STATEMENT
Edition statement 4th
260 ## - PUBLICATION, DISTRIBUTION, ETC.
Name of publisher, distributor, etc. Butterworths
Date of publication, distribution, etc. 1964
300 ## - PHYSICAL DESCRIPTION
Extent 753p
350 ## - PRICE (NR) (BK AM CF MU VM SE) [OBSOLETE]
Price 0
520 ## - SUMMARY, ETC.
Summary, etc. New Edition in Current Collection
942 ## - ADDED ENTRY ELEMENTS (KOHA)
Suppress in OPAC 0
948 ## - LOCAL PROCESSING INFORMATION (OCLC); SERIES PART DESIGNATOR (RLIN)
c (OCLC) 04/03/1997
Holdings
Withdrawn status Lost status Source of classification or shelving scheme Damaged status Not for loan Home library Current library Shelving location Date acquired Total Checkouts Full call number Barcode Date last seen Copy number Price effective from Koha item type
    Dewey Decimal Classification     London London Basement 21/08/1991   SHELF 134 30022336 06/08/2019 1 06/08/2019 Reference material